Teoría de la elasticidad
Збережено в:
| Автор: | |
|---|---|
| Формат: | Книга |
| Мова: | Іспанська |
| Опубліковано: |
Buenos Aires
Cartago
1966
|
| Редагування: | 2a. ed |
| Предмети: | |
| Теги: |
Додати тег
Немає тегів, Будьте першим, хто поставить тег для цього запису!
|
MARC
| LEADER | 00000nam a2200000 a 4500 | ||
|---|---|---|---|
| 001 | UCH1344 | ||
| 003 | CL-VaPUC | ||
| 008 | 090427e19660000AG |||||||||||||||||spa|d | ||
| 082 | 0 | 4 | |a 531.38 |b FIL |2 21 |
| 100 | 0 | |a Filonenko-Borodich, M |e author |9 535795 | |
| 245 | 1 | 0 | |a Teoría de la elasticidad |
| 250 | |a 2a. ed | ||
| 300 | |a 447 p | ||
| 942 | |c BK | ||
| 945 | |d 20090427 00:00:00 |a rbrito | ||
| 260 | |a Buenos Aires |b Cartago |c 1966 | ||
| 650 | 7 | |a ELASTICIDAD |2 CL-VaPUC |9 266503 | |
| 583 | |a last modification |c 20090427 00:00:00 |k Rodrigo Vera | ||
| 999 | |c 333395 |d 333393 | ||
| 952 | |0 0 |1 0 |4 0 |6 531_380000000000000_FIL_1966 |7 0 |8 A |9 421754 |a BIBCUR |b BIBCUR |d 2019-11-22 |i 4535227 |l 5 |o 531.38 FIL 1966 |p 4535227 |r 2025-04-22 |s 2023-11-23 |w 2019-11-22 |y BK |k FIS | ||